LEADER 01258nam0-22003971i-450- 001 990005475000203316 005 20010829120000.0 035 $a000547500 035 $aUSA01000547500 035 $a(ALEPH)000547500USA01 035 $a000547500 100 $a20010829d1990-------|0enac50------ba 101 $aeng 102 $aUS 105 $a|||| ||||| 200 1 $aLisp-stat$ean object oriented environment for statistical computing and dynamic graphics$fLuke Tierney 210 $aNew York$cJohn Wiley & Sons$d1990 215 $a397 p.$d24 cm. 225 2$aWiley series in probability and mathematical statistics 410 1$12001$aWiley series in probability and mathematical statistics 606 $aStatistica matematica$2FI 620 $dNew York 676 $a519.5$cStatistica matematica$v21 700 1$aTIERNEY,$bLuke$0102416 712 $aJohn Wiley & Sons, Inc 801 $aIT$bSOL$c20120104 912 $a990005475000203316 950 $aDIP.TO SCIENZE ECONOMICHE - (SA)$dDS 500 519.5 TIE$e7517 DISES 951 $a500 519.5 TIE$b7517 DISES 959 $aBK 969 $aDISES 979 $c20121027$lUSA01$h1532 979 $c20121027$lUSA01$h1613 996 $aLisp-stat$91128465 997 $aUNISA NUM $aUSA7794